000 00718cab a2200217 4500
001 ABS43807
008 090401t1990 xxu||||| |||| 00| 0 eng d
035 _a(Sirsi) u43548
041 _aeng
100 _aWebster, P.
245 _aTendering procedure and construction in Europe - the Works Directive
260 _c1990
350 _a0
490 _aJournal of Property Finance
_v1(3) Winter 1990, 411-415 (5)
520 _aThe tendering procedure for construction works in compliance with the Works Directive 71/305/EEC, amended by EC Directive 89/440/EEC , is described.
650 _aADVERTISING
650 _aEC DIRECTIVE 71 305
690 _aEUROPE-SINGLE MARKET
942 _n0
948 _c04/03/1997
999 _c27762
_d27762